Report of the Sixth Finance Commission, 1973 (Record no. 489388)

000 -LEADER
fixed length control field 00416cam a22001337a 4500
008 - FIXED-LENGTH DATA ELEMENTS--GENERAL INFORMATION
fixed length control field 180718b1979 xxu||||| |||| 00| 0 eng d
082 ## - DEWEY DECIMAL CLASSIFICATION NUMBER
Classification number Lx54 F/6
100 ## - MAIN ENTRY--PERSONAL NAME
Personal name India. Finance Commission
245 ## - TITLE STATEMENT
Title Report of the Sixth Finance Commission, 1973
260 ## - PUBLICATION, DISTRIBUTION, ETC.
Place of publication, distribution, etc. Delhi
Name of publisher, distributor, etc. The Controller of Publications
Date of publication, distribution, etc. 1979
300 ## - PHYSICAL DESCRIPTION
Extent 349+p.
500 ## - GENERAL NOTE
General note Chairman: K. Brahmananda Reddi
700 ## - ADDED ENTRY--PERSONAL NAME
Personal name Reddi, K. Brahmananda (Chairman)
Holdings
Withdrawn status Lost status Damaged status Not for loan Permanent Location Current Location Date acquired Full call number Barcode Date last seen Price effective from Koha item type
        Indian Institute of Public Administration Indian Institute of Public Administration 2018-08-04 Lx54 F/6 G12054 2018-08-04 2018-08-04 G
        Indian Institute of Public Administration Indian Institute of Public Administration 2018-08-04 Lx54 F/6 GG13966 2018-08-04 2018-08-04 GG

Powered by Koha